000 00267nam a22001097a 4500
082 _a920/SHU
100 _aShukla, R S
_980704
245 _aLife History of Great Saints of India
260 _aAllahabad
_bAnurag pub
_c2016
650 _aHinduism
_948781
942 _cBK
999 _c63980
_d63980